000 00606nam a22002417a 4500
001 33078
003 UA-OsUOA
005 20211014204645.0
007 ta
008 20050309b un ||||| |||| 00| 0 ukr d
040 _aUA-OsUOA
_brus
_cUA-OsUOA
_dUA-OsUOA
041 _arus
044 _aRU
080 _a94(47+57)
090 _a94(47+57)
_bК64
100 _aКондуфор Ю. Ю.
245 _aИстория СССР
_bпоступающим в вузы
260 _aК.
_bВыща школа
_c1983
300 _a336 с.
650 7 _a94 Історія
_2UDC
942 _cBK
_2udc
955 _a2
999 _c319535
_d319535